Biology of fresh waters

Αποθηκεύτηκε σε:
Λεπτομέρειες βιβλιογραφικής εγγραφής
Κύριος συγγραφέας: Maitland, Peter S.
Μορφή: Βιβλίο
Γλώσσα:English
Δημοσίευση: London : Blackie Academic & Professional, c1990
Έκδοση:2nd ed.
Σειρά:Tertiary level biology
Θέματα:
Ετικέτες: Προσθήκη ετικέτας
Δεν υπάρχουν, Καταχωρήστε ετικέτα πρώτοι!

MARC

LEADER 00000nam a2200000 i 4500
001 1/86037
008 990712s1990 eng d
020 |a 0-412-02841-7 
035 |l 10051989 
040 |a GR-MY-UA  |b gre  |e aacr 
041 0 |a eng 
082 0 |a 578.76 
100 1 |a Maitland, Peter S. 
245 1 0 |a Biology of fresh waters /  |c Peter S. Maitland 
250 |a 2nd ed. 
260 |a London :   |b Blackie Academic & Professional,   |c c1990 
300 |a xi, 276 σ.;  |b εικ.;  |c 21 εκ. 
490 1 |a Tertiary level biology 
504 |a Περιέχει βιβλιογραφικές παραπομπές (σ. [257]-268) και ευρετήριο 
650 0 0 |a Freshwater biology. 
830 0 |a Tertiary level biology 
852 |a INST  |b LESVOS  |e 19990712  |h 578.76 MAI  |p 005100019839  |q 005100019839  |t BK  |y 0 
901 |a BIBL1-1999-2 
909 |a Λ  |b 062866 
922 |a 1ΕΛΗ  |b 199901  |c ΚΠΣ/ΤΕΘ  |d ΠΑΠΑΣΩΤΗΡΙΟΥ 
950 |a 134-1998-07-29 
970 |a ΜΟΥΣΤΑΚΑ  |b ΠΗΝΕΛΟΠΗ  |z 1999/07/17